[Event "XIX Mitropa Cup"]
[Site "Baden SUI"]
[Date "1999.04.05"]
[Round "5.4"]
[White "Gyimesi, Zoltan"]
[Black "Genocchio, Daniele"]
[Result "1/2-1/2"]
[WhiteElo "2529"]
[BlackElo "2247"]
[Annotator "ITA-HUN"]
[PlyCount "78"]
[EventDate "1999.04.01"]

1.d4 e6 2.c4 c5 3.d5 exd5 4.cxd5 d6 5.Nc3 g6 6.Nf3 Bg7 7.Nd2 a6 8.a4 Nd7 
9.e4 Ne7 10.Nc4 Ne5 11.Bf4 Nxc4 12.Bxc4 h6 13.h4 O-O 14.O-O g5 15.hxg5 Ng6
16.Be3 hxg5 17.Qd2 g4 18.Ne2 Ne5 19.Rfc1 Qh4 20.Bg5 Qh7 21.Be7 Bh6 22.Bg5 
Bg7 23.Be7 Re8 24.Bxd6 Qxe4 25.Bxe5 Qxe5 26.Nc3 Qd4 27.Qxd4 cxd4 28.Na2 
Bf5 29.Nb4 Rad8 30.Rd1 Rd6 31.a5 Rc8 32.Bf1 Rc5 33.Rdc1 Rxc1 34.Rxc1 d3 
35.Nxd3 Rxd5 36.Rc5 Rxc5 37.Nxc5 Bxb2 38.Nxb7 Bc3 39.Bxa6 Bc8 1/2-1/2

[Event "XIX Mitropa Cup"]
[Site "Baden SUI"]
[Date "1999.04.07"]
[Round "6.1"]
[White "Gallagher, Joseph G."]
[Black "Arlandi, Ennio"]
[Result "1-0"]
[WhiteElo "2519"]
[BlackElo "2445"]
[Annotator "ITA-SUI"]
[PlyCount "85"]
[EventDate "1999.04.01"]

1.e4 c5 2.Nf3 e6 3.d4 cxd4 4.Nxd4 Nf6 5.Nc3 d6 6.Be2 a6 7.O-O Be7 8.f4 Nc6
9.Be3 O-O 10.Kh1 Qc7 11.Qe1 Nxd4 12.Bxd4 b5 13.a3 Bb7 14.Qg3 Bc6 15.Rad1 
Qb7 16.Bf3 a5 17.Rfe1 Rac8 18.Rd3 b4 19.e5 dxe5 20.fxe5 Nd7 21.Ne4 Qb8 22.
Nd6 Bxd6 23.exd6 g6 24.Qh3 e5 25.Bxc6 Rxc6 26.Rxe5 Nxe5 27.Bxe5 h5 28.Qe3 
Kh7 29.d7 Qd8 30.Bd6 Rg8 31.Be7 Re6 32.Qxe6 fxe6 33.Bxd8 Rxd8 34.c4 bxc3 
35.bxc3 Kg7 36.c4 Kf7 37.c5 Ke7 38.c6 Rb8 39.h4 Kd8 40.Re3 Ke7 41.Kh2 Rf8 
42.Rd3 Kd8 43.Rd6 1-0

[Event "XIX Mitropa Cup"]
[Site "Baden SUI"]
[Date "1999.04.07"]
[Round "6.2"]
[White "D'Amore, Carlo"]
[Black "Pelletier, Yannick"]
[Result "1/2-1/2"]
[WhiteElo "2460"]
[BlackElo "2483"]
[Annotator "ITA-SUI"]
[PlyCount "110"]
[EventDate "1999.04.01"]

1.Nf3 Nf6 2.g3 d5 3.Bg2 c6 4.d3 Bg4 5.Nbd2 Nbd7 6.O-O e6 7.b3 Bc5 8.Bb2 
O-O 9.a3 a5 10.Ra2 b5 11.c4 Re8 12.h3 Bh5 13.Qa1 Bf8 14.Rc1 Qb6 15.cxb5 
cxb5 16.g4 Bg6 17.Bd4 Qd6 18.Ne5 Rec8 19.f4 Ne8 20.Ndf3 Rxc1+ 21.Qxc1 Nc5 
22.Qc3 Nc7 23.Rc2 N7a6 24.Nd2 b4 25.axb4 axb4 26.Qa1 Re8 27.Qf1 f6 28.Nxg6
hxg6 29.Qf3 Rd8 30.Qe3 Nd7 31.Qf3 Ndc5 32.Qe3 Nd7 33.Qf3 Ndc5 34.h4 e5 35.
fxe5 fxe5 36.Bf2 Ne6 37.e3 Nac5 38.Qe2 Qa6 39.Bf1 Qa3 40.d4 Nxb3 41.Nxb3 
Qxb3 42.Rc6 Re8 43.dxe5 Nc5 44.Qb5 Ne4 45.Rc7 Rxe5 46.Rc8 Qd1 47.Qe2 Qxe2 
48.Bxe2 Nxf2 49.Kxf2 Kf7 50.Rc6 Be7 51.g5 Re6 52.Rxe6 Kxe6 53.Bd3 b3 54.
Bxg6 Kd6 55.Ke2 Kc5 1/2-1/2

[Event "XIX Mitropa Cup"]
[Site "Baden SUI"]
[Date "1999.04.07"]
[Round "6.3"]
[White "Brunner, Lucas"]
[Black "Bellini, Fabio"]
[Result "1-0"]
[WhiteElo "2492"]
[BlackElo "2418"]
[Annotator "ITA-SUI"]
[PlyCount "109"]
[EventDate "1999.04.01"]

1.d4 d5 2.c4 e6 3.Nf3 Nf6 4.Nc3 Nbd7 5.cxd5 exd5 6.Bf4 c6 7.Qc2 Be7 8.h3 
O-O 9.e3 Re8 10.Bd3 Nf8 11.O-O-O Be6 12.g4 Qa5 13.Ng5 c5 14.dxc5 Rac8 15.
Be5 Rxc5 16.Bd4 Rcc8 17.Kb1 h6 18.Nxe6 Nxe6 19.Bf5 Ne4 20.Bxe6 fxe6 21.Qe2
Nxc3+ 22.Bxc3 Rxc3 23.bxc3 Bf6 24.Qc2 Rc8 25.Rd3 b5 26.Qb3 Rc4 27.Kc2 b4 
28.Rb1 Bxc3 29.Kd1 Qc7 30.Qa4 Kh7 31.Ke2 Rc6 32.Kf1 Rb6 33.Rbd1 Qh2 34.Ke2
Qxh3 35.Rg1 e5 36.Rxd5 e4 37.Rg3 Qh1 38.Rd1 Qh4 39.Qe8 Rg6 40.Qxe4 Qf6 41.
g5 Qe6 42.Qxe6 Rxe6 43.g6+ Rxg6 44.Rxg6 Kxg6 45.Rd6+ Kf5 46.Ra6 h5 47.Kf3 
g5 48.Ra5+ Be5 49.e4+ Ke6 50.Rxa7 g4+ 51.Ke3 h4 52.Rb7 Bd6 53.Rg7 g3 54.
Rg6+ Ke7 55.fxg3 1-0

[Event "XIX Mitropa Cup"]
[Site "Baden SUI"]
[Date "1999.04.07"]
[Round "6.4"]
[White "Genocchio, Daniele"]
[Black "Jenni, Florian"]
[Result "1/2-1/2"]
[WhiteElo "2247"]
[BlackElo "2394"]
[Annotator "ITA-SUI"]
[PlyCount "138"]
[EventDate "1999.04.01"]

1.e4 e5 2.Nf3 Nc6 3.d4 exd4 4.Nxd4 Bb4+ 5.c3 Bc5 6.Nxc6 bxc6 7.Bd3 Ne7 8.
Nd2 Ng6 9.Nf3 d6 10.h3 O-O 11.O-O a5 12.Re1 Re8 13.Bg5 f6 14.Bd2 Bb6 15.
Bc4+ Kh8 16.Nd4 Ne5 17.Bf1 Qd7 18.Be3 Qf7 19.b3 Bd7 20.f4 Ng6 21.Qf3 d5 
22.Bf2 Re7 23.exd5 cxd5 24.Rxe7 Nxe7 25.c4 Rd8 26.Re1 c5 27.Nc2 Bc6 28.
cxd5 Nxd5 29.Bc4 Qb7 30.Qg4 a4 31.Ne3 Ba5 32.Rd1 Ne7 33.Rxd8+ Bxd8 34.Be1 
axb3 35.axb3 Qd7 36.Bc3 Qxg4 37.Nxg4 Nd5 38.Bd2 Bc7 39.g3 Nb6 40.Be6 Be4 
41.Be3 Bd6 42.b4 Na4 43.Bb3 Bc6 44.Bxa4 Bxa4 45.Bxc5 Bb8 46.Kf2 h5 47.Ne3 
h4 48.Nf5 hxg3+ 49.Kxg3 Bd7 50.Bd6 Ba7 51.Ne7 Kh7 52.f5 Bd4 53.Kf3 Kh6 54.
Ke4 Bb2 55.Bf4+ Kh5 56.Bg3 Bb5 57.Nc8 Bc6+ 58.Kd3 Bg2 59.Nd6 Bf1+ 60.Kc2 
Bd4 61.Kb3 Bxh3 62.Ne8 Kh6 63.Bf4+ Kh7 64.Kc4 Ba7 65.Nd6 Bb8 66.Bg3 Bf1+ 
67.Kc5 Ba7+ 68.Kc6 Bg2+ 69.Kc7 g6 1/2-1/2

[Event "XIX Mitropa Cup"]
[Site "Baden SUI"]
[Date "1999.04.08"]
[Round "7.1"]
[White "Borgo, Giulio"]
[Black "Weiss, Christian"]
[Result "1-0"]
[WhiteElo "2448"]
[BlackElo "2444"]
[Annotator "ITA-AUT"]
[PlyCount "105"]
[EventDate "1999.04.01"]

1.e4 c5 2.Nf3 e6 3.c4 Nc6 4.Nc3 Nf6 5.Be2 Qc7 6.d4 cxd4 7.Nxd4 Nxd4 8.Qxd4
Bc5 9.Qd3 b6 10.O-O O-O 11.a3 Ba6 12.b3 Rad8 13.Bf3 Qe5 14.Ra2 Nh5 15.Ne2 
b5 16.Qc3 Qxc3 17.Nxc3 bxc4 18.b4 Bd4 19.Ne2 Bf6 20.Bxh5 d5 21.f4 dxe4 22.
Ng3 Bd4+ 23.Kh1 c3 24.Be2 Bd3 25.f5 Bb1 26.Bc4 Bxa2 27.Bxa2 Be5 28.Nxe4 
exf5 29.Nc5 g6 30.Bb3 Bd4 31.Bg5 Rde8 32.Nd7 Re2 33.Nxf8 Kxf8 34.Bh6+ Ke7 
35.Rc1 Rb2 36.Bc2 Kf6 37.h4 Be5 38.Be3 a6 39.Kg1 f4 40.Bf2 f3 41.g3 h5 42.
Kf1 Ra2 43.a4 Rb2 44.Be1 g5 45.Bd1 g4 46.Rxc3 Rh2 47.Bxf3 gxf3 48.Rxf3+ 
Ke6 49.Bf2 Rh1+ 50.Bg1 Bd4 51.Rf2 Kd7 52.Kg2 Bxf2 53.Kxf2 1-0

[Event "XIX Mitropa Cup"]
[Site "Baden SUI"]
[Date "1999.04.08"]
[Round "7.2"]
[White "Lehner, Oliver"]
[Black "D'Amore, Carlo"]
[Result "0-1"]
[WhiteElo "2408"]
[BlackElo "2460"]
[Annotator "ITA-AUT"]
[PlyCount "74"]
[EventDate "1999.04.01"]

1.Nf3 Nf6 2.c4 g6 3.Nc3 Bg7 4.d4 O-O 5.e4 d6 6.h3 e5 7.d5 h6 8.g4 Nh7 9.
Rg1 Kh8 10.g5 hxg5 11.Nxg5 Nxg5 12.Bxg5 Bf6 13.h4 Bxg5 14.hxg5 Kg7 15.Qf3 
Rh8 16.O-O-O Na6 17.Qg3 Qe7 18.f4 Bd7 19.Be2 exf4 20.Qxf4 Rh3 21.Rdf1 Rah8
22.Kb1 R8h4 23.Bg4 Rxg4 24.Rxg4 Bxg4 25.Qxg4 Rh5 26.Rg1 Nc5 27.Qf4 a6 28.
a3 Nd7 29.Nd1 Qe5 30.Qe3 Nc5 31.Rg4 Rh1 32.Qf3 Re1 33.Rf4 Rxd1+ 34.Ka2 f5 
35.gxf6+ Kf7 36.Rh4 Rd2 37.Rh2 Kg8 0-1

[Event "XIX Mitropa Cup"]
[Site "Baden SUI"]
[Date "1999.04.08"]
[Round "7.3"]
[White "Bellini, Fabio"]
[Black "Moser, Eva"]
[Result "1/2-1/2"]
[WhiteElo "2418"]
[BlackElo "2223"]
[Annotator "ITA-AUT"]
[PlyCount "136"]
[EventDate "1999.04.01"]

1.e4 e6 2.Qe2 c5 3.Nf3 Nc6 4.g3 Be7 5.Bg2 d5 6.d3 Nf6 7.O-O O-O 8.e5 Nd7 
9.Re1 Qc7 10.Bf4 b5 11.Nbd2 Ba6 12.h4 Rab8 13.h5 b4 14.h6 g6 15.Nf1 Bb5 
16.Ne3 c4 17.Nxd5 exd5 18.e6 Bd6 19.Bxd6 Qxd6 20.exd7 cxd3 21.cxd3 Rbd8 
22.Qd2 Rxd7 23.d4 Rdd8 24.Rac1 Rfe8 25.Rc5 a6 26.Re3 Re4 27.b3 Nxd4 28.
Rxe4 Nxf3+ 29.Bxf3 Qxc5 30.Qxb4 Qxb4 31.Rxb4 d4 32.a4 Bd3 33.Bd1 Kf8 34.f4
Be4 35.Kf2 Ke7 36.Ke2 f5 37.Kd2 a5 38.Rc4 Rd5 39.Rc7+ Rd7 40.Rc5 Ra7 41.
Be2 d3 42.Bxd3 Rd7 43.Rc3 Ke6 44.Ke3 Bxd3 45.Rxd3 Rb7 46.Kd2 Rb4 47.Re3+ 
Kf6 48.Kc3 g5 49.Re5 gxf4 50.gxf4 Rxf4 51.Rxa5 Re4 52.Ra8 Re3+ 53.Kc2 f4 
54.Rf8+ Kg5 55.a5 f3 56.a6 Re2+ 57.Kb1 Re1+ 58.Kb2 Re2+ 59.Kc3 Ra2 60.Rxf3
Rxa6 61.Rh3 Kf6 62.Kc4 Ke7 63.Kb5 Rd6 64.b4 Kd7 65.Rc3 Rxh6 66.Ka5 Rc6 67.
Rh3 Kc8 68.Rxh7 Kb8 1/2-1/2

[Event "XIX Mitropa Cup"]
[Site "Baden SUI"]
[Date "1999.04.08"]
[Round "7.4"]
[White "Hebesberger, Thomas"]
[Black "Genocchio, Daniele"]
[Result "0-1"]
[WhiteElo "2240"]
[BlackElo "2247"]
[Annotator "ITA-AUT"]
[PlyCount "76"]
[EventDate "1999.04.01"]

1.c4 Nf6 2.Nc3 c5 3.g3 g6 4.Bg2 Bg7 5.Nf3 Nc6 6.d4 cxd4 7.Nxd4 O-O 8.O-O 
Qa5 9.Nc2 d6 10.Bd2 Rb8 11.Nb5 Qd8 12.Bc3 a6 13.Nbd4 Ne5 14.Ne3 Nfg4 15.
Nxg4 Bxg4 16.b3 b5 17.cxb5 axb5 18.Qd2 Qb6 19.a4 b4 20.Bb2 Bc8 21.Nb5 Bg4 
22.Rfc1 Rfc8 23.Bd4 Qa5 24.Qb2 Bh6 25.f4 Nd7 26.Na7 Rxc1+ 27.Rxc1 Qh5 28.
Nc6 Re8 29.Nxb4 e5 30.Bf2 exf4 31.Rc2 Rxe2 32.Rc8+ Nf8 33.Qd4 fxg3 34.hxg3
Bxc8 35.Nd5 Bg7 36.Qc4 Be6 37.g4 Qxg4 38.Ne7+ Kh8 0-1

[Event "XIX Mitropa Cup"]
[Site "Baden SUI"]
[Date "1999.04.09"]
[Round "8.1"]
[White "Pavasovic, Dusko"]
[Black "Arlandi, Ennio"]
[Result "1/2-1/2"]
[WhiteElo "2502"]
[BlackElo "2445"]
[Annotator "ITA-SLO"]
[PlyCount "110"]
[EventDate "1999.04.01"]

1.e4 c5 2.Nf3 e6 3.c3 d5 4.exd5 Qxd5 5.d4 Nf6 6.Na3 Nc6 7.Nb5 Qd8 8.dxc5 
Bxc5 9.Qxd8+ Kxd8 10.Bf4 Nd5 11.O-O-O Ke7 12.Bg3 a6 13.Nbd4 Nxd4 14.Nxd4 
Rd8 15.Be2 Bd6 16.Bf3 Bxg3 17.hxg3 Nf6 18.g4 h6 19.Rhe1 Kf8 20.Nb3 Ke7 21.
Na5 Rb8 22.b4 Rxd1+ 23.Kxd1 Kd8 24.Nc4 b6 25.Ne5 Ke8 26.g5 Ng8 27.gxh6 
Nxh6 28.Bc6+ Ke7 29.Kc2 f6 30.Ng6+ Kd6 31.Bf3 Bd7 32.Kb3 Be8 33.Rd1+ Kc7 
34.Nf8 Ba4+ 35.Kxa4 Rxf8 36.c4 Nf7 37.c5 bxc5 38.Rc1 Ne5 39.Rxc5+ Kb6 40.
Be2 Rd8 41.Rc2 Rd4 42.a3 a5 43.Kb3 axb4 44.axb4 Rf4 45.Ra2 Rxf2 46.Ra6+ 
Kc7 47.Bb5 Rxg2 48.Rxe6 Nf3 49.Kc3 Rg5 50.Bd3 Ne5 51.Be4 Rg3+ 52.Kd4 Rg4 
53.b5 f5 54.Rxe5 Rxe4+ 55.Rxe4 fxe4 1/2-1/2

[Event "XIX Mitropa Cup"]
[Site "Baden SUI"]
[Date "1999.04.09"]
[Round "8.3"]
[White "Tratar, Marko"]
[Black "Bellini, Fabio"]
[Result "0-1"]
[WhiteElo "2450"]
[BlackElo "2418"]
[Annotator "ITA-SLO"]
[PlyCount "76"]
[EventDate "1999.04.01"]

1.d4 d5 2.Nf3 e6 3.c4 c6 4.Qc2 Bd6 5.g3 f5 6.Bg2 Nf6 7.O-O O-O 8.b3 Qe7 9.
Bb2 Bd7 10.Ne5 Be8 11.Nd2 Nbd7 12.Ndf3 Bh5 13.Rfc1 Ng4 14.Nxd7 Qxd7 15.e3 
Rae8 16.a4 Kh8 17.Ba3 Bxa3 18.Rxa3 Nh6 19.Ne5 Qe7 20.Ra2 g5 21.cxd5 exd5 
22.b4 f4 23.exf4 gxf4 24.Qd2 Ng4 25.Nxg4 Bxg4 26.b5 Qd7 27.bxc6 bxc6 28.
gxf4 Rg8 29.Ra3 Re2 30.Qb4 Qf5 31.Rg3 Rxf2 32.Kxf2 Qxf4+ 33.Bf3 Bxf3 34.
Rxg8+ Kxg8 35.Rxc6 Bg4+ 36.Kg2 Qf3+ 37.Kg1 Qe3+ 38.Kg2 Bh3+ 0-1

[Event "XIX Mitropa Cup"]
[Site "Baden SUI"]
[Date "1999.04.09"]
[Round "8.4"]
[White "Genocchio, Daniele"]
[Black "Jelen, Igor"]
[Result "0-1"]
[WhiteElo "2247"]
[BlackElo "2389"]
[Annotator "ITA-SLO"]
[PlyCount "72"]
[EventDate "1999.04.01"]

1.e4 c5 2.Nf3 Nc6 3.d4 cxd4 4.Nxd4 Nf6 5.Nc3 e5 6.Ndb5 d6 7.Nd5 Nxd5 8.
exd5 Nb8 9.a4 Be7 10.Be2 O-O 11.O-O f5 12.f4 a6 13.Na3 Nd7 14.Kh1 Bf6 15.
c3 exf4 16.Bxf4 Be5 17.Nc4 Bxf4 18.Rxf4 Ne5 19.a5 g5 20.Rd4 f4 21.Nxe5 
dxe5 22.Re4 Qd6 23.Bg4 Bf5 24.Bxf5 Rxf5 25.c4 Raf8 26.Qd2 g4 27.b4 g3 28.
c5 Qg6 29.d6 f3 30.Rh4 gxh2 31.d7 fxg2+ 32.Qxg2 Rg5 33.Qd5+ Kh8 34.Rxh2 
Qf6 35.Rh3 e4 36.Rd1 Rxd5 0-1

[Event "XIX Mitropa Cup"]
[Site "Baden SUI"]
[Date "1999.04.10"]
[Round "9.1"]
[White "Arlandi, Ennio"]
[Black "Kozul, Zdenko"]
[Result "1/2-1/2"]
[WhiteElo "2445"]
[BlackElo "2585"]
[Annotator "ITA-CRO"]
[PlyCount "82"]
[EventDate "1999.04.01"]

1.d4 Nf6 2.c4 g6 3.Nc3 Bg7 4.e4 d6 5.Nf3 O-O 6.Be2 e5 7.O-O Nbd7 8.Re1 h6 
9.Rb1 Nh7 10.dxe5 dxe5 11.b4 Re8 12.Bb2 Ng5 13.Nxg5 Qxg5 14.Nd5 Qd8 15.Qc2
Nf8 16.Rbd1 Bd7 17.c5 Ne6 18.Bc4 c6 19.Ne3 Nd4 20.Qb1 a5 21.a3 axb4 22.
axb4 Qg5 23.Kh1 Qh4 24.f3 Red8 25.Bc3 h5 26.Qb2 Qf6 27.Nc2 Be6 28.Bxe6 
Nxe6 29.Ne3 Nf4 30.Rxd8+ Rxd8 31.Rd1 h4 32.Rxd8+ Qxd8 33.Qd2 Qa8 34.h3 Ne6
35.Ng4 Nd4 36.Qg5 Qa2 37.Bxd4 exd4 38.Qd8+ Kh7 39.Qxh4+ Kg8 40.Qd8+ Kh7 
41.Qh4+ Kg8 1/2-1/2

[Event "XIX Mitropa Cup"]
[Site "Baden SUI"]
[Date "1999.04.10"]
[Round "9.2"]
[White "Palac, Mladen"]
[Black "D'Amore, Carlo"]
[Result "1/2-1/2"]
[WhiteElo "2589"]
[BlackElo "2460"]
[Annotator "ITA-CRO"]
[PlyCount "48"]
[EventDate "1999.04.01"]

1.e4 e5 2.Nf3 Nc6 3.Bb5 Nge7 4.O-O g6 5.c3 Bg7 6.d4 exd4 7.cxd4 d5 8.exd5 
Nxd5 9.Re1+ Be6 10.Bg5 Qd6 11.Nbd2 O-O 12.Nc4 Qb4 13.a4 a6 14.Bxc6 bxc6 
15.Nfe5 Rfe8 16.Rc1 Qb7 17.Bd2 Ne7 18.b4 c5 19.dxc5 Rad8 20.Qc2 Nf5 21.Na5
Qa8 22.Bc3 Nd4 23.Qb2 Bxe5 24.Rxe5 Bh3 1/2-1/2

[Event "XIX Mitropa Cup"]
[Site "Baden SUI"]
[Date "1999.04.10"]
[Round "9.3"]
[White "Bellini, Fabio"]
[Black "Zelcic, Robert"]
[Result "1/2-1/2"]
[WhiteElo "2418"]
[BlackElo "2554"]
[Annotator "ITA-CRO"]
[PlyCount "124"]
[EventDate "1999.04.01"]

1.e4 c6 2.d4 d5 3.Nd2 dxe4 4.Nxe4 Bf5 5.Ng3 Bg6 6.Bc4 e6 7.N1e2 Bd6 8.h4 
h6 9.Nf4 Bxf4 10.Bxf4 Nf6 11.h5 Bh7 12.c3 Nbd7 13.Qf3 O-O 14.O-O b5 15.Bd3
Bxd3 16.Qxd3 a6 17.Rad1 Nd5 18.Bd6 Re8 19.Rfe1 N7f6 20.Be5 Ng4 21.f3 Nxe5 
22.Rxe5 c5 23.Rde1 cxd4 24.Qxd4 Nf6 25.Qxd8 Rexd8 26.Rc5 Rd2 27.Re2 Rd1+ 
28.Nf1 Rad8 29.Kf2 Ra1 30.a3 Rdd1 31.Ne3 Rh1 32.Rc8+ Kh7 33.Rc7 Ra2 34.
Rxf7 Rb1 35.g4 Rbxb2 36.Rxb2 Rxb2+ 37.Kg3 Re2 38.Ng2 Rc2 39.Nf4 Kg8 40.Re7
Nd5 41.Rxe6 Nxf4 42.Kxf4 a5 43.Re3 Rb2 44.Kf5 Kh7 45.f4 b4 46.cxb4 axb4 
47.axb4 Rxb4 48.Re8 Rb7 49.g5 hxg5 50.fxg5 Rb5+ 51.Re5 Rb8 52.Re7 Rb5+ 53.
Re5 Rb8 54.Ra5 Rf8+ 55.Ke6 Rf2 56.Rf5 Ra2 57.Re5 Ra7 58.Rd5 Ra6+ 59.Ke7 
Ra7+ 60.Ke6 Ra6+ 61.Kf5 g6+ 62.hxg6+ Rxg6 1/2-1/2

[Event "XIX Mitropa Cup"]
[Site "Baden SUI"]
[Date "1999.04.10"]
[Round "9.4"]
[White "Cvitan, Ognjen"]
[Black "Genocchio, Daniele"]
[Result "1/2-1/2"]
[WhiteElo "2521"]
[BlackElo "2247"]
[Annotator "ITA-CRO"]
[PlyCount "35"]
[EventDate "1999.04.01"]

1.d4 f5 2.g3 Nf6 3.Bg2 d6 4.Nc3 c6 5.e4 fxe4 6.Nxe4 Bf5 7.Nxf6+ gxf6 8.Nf3
Qd7 9.O-O Na6 10.Nh4 Bg4 11.Bf3 Bxf3 12.Qxf3 O-O-O 13.Re1 Nc7 14.Bd2 Bg7 
15.c4 e6 16.Ba5 b6 17.Bc3 d5 18.b3 1/2-1/2

[Event "VII Festival A"]
[Site "Belpasso ITA"]
[Date "1999.03.26"]
[Round "1"]
[White "Alaimo, Riccardo"]
[Black "Nobile, Giancarlo"]
[Result "1-0"]
[WhiteElo "2085"]
[BlackElo "1816"]
[PlyCount "61"]
[EventDate "1999.03.26"]

1. e4 c6 2. d4 d6 3. f4 Nf6 4. Nc3 Bg4 5. Nf3 Qa5 6. Bd3 e5 7. Be3 Nbd7 8. O-O
Be7 9. Qe1 Bxf3 10. Rxf3 Ng4 11. Bd2 Qb6 12. Ne2 exd4 13. Ba5 Qxb2 14. Rb1 Qxa2
15. Nxd4 Nc5 16. Nf5 g6 17. Nxe7 Kxe7 18. Bc3 f6 19. h3 Nh6 20. e5 dxe5 21.
fxe5 Kd7 22. Rxf6 b6 23. Ra1 Qg8 24. e6+ Kc7 25. Qe5+ Kb7 26. Bc4 Re8 27. Bd4
Nd7 28. Rxa7+ Kxa7 29. Qc7+ Ka8 30. Qxc6+ Kb8 31. Qxd7 1-0

[Event "I Festival A"]
[Site "Arconate ITA"]
[Date "1999.03.11"]
[Round "1"]
[White "Barlocco, Carlo"]
[Black "Ponti, Lorenzo"]
[Result "1-0"]
[WhiteElo "2245"]
[BlackElo "1825"]
[PlyCount "47"]
[EventDate "1999.03.11"]

1. c4 e5 2. Nc3 Nc6 3. g3 d6 4. Bg2 Nf6 5. e4 Bg4 6. f3 Be6 7. d3 Be7 8. Nge2
O-O 9. Be3 Nd7 10. O-O f5 11. Nd5 Bf6 12. b4 Bxd5 13. cxd5 Ne7 14. Rc1 c6 15.
dxc6 bxc6 16. f4 d5 17. Qb3 Nb6 18. Bc5 Kh8 19. d4 exf4 20. Nxf4 fxe4 21. Ne6
Qd7 22. Nxf8 Rxf8 23. Qa3 Ra8 24. Bxb6 1-0

[Event "I Festival A"]
[Site "Arconate ITA"]
[Date "1999.03.11"]
[Round "1"]
[White "Mazzini, Antonio"]
[Black "Everet, Alexandro"]
[Result "1/2-1/2"]
[WhiteElo "1981"]
[BlackElo "2253"]
[PlyCount "160"]
[EventDate "1999.03.11"]

1. d4 g6 2. c4 Bg7 3. Nc3 Nf6 4. e4 d6 5. Nf3 O-O 6. Be2 Nc6 7. O-O Re8 8. d5
Nb8 9. Bg5 h6 10. Be3 e5 11. dxe6 Bxe6 12. Nd4 Bd7 13. Qd2 Nc6 14. Nxc6 bxc6
15. f3 g5 16. Rfd1 Qe7 17. Rab1 a5 18. a3 Be6 19. b4 axb4 20. axb4 Nd7 21. Bd4
Ne5 22. c5 dxc5 23. Bxc5 Qf6 24. Rdc1 Ng6 25. b5 Qe5 26. Qe3 g4 27. bxc6 Bf6
28. Rc2 g3 29. hxg3 Qxg3 30. Qf2 Qe5 31. g3 Ra5 32. Be3 Qd6 33. Nb5 Qd8 34. Rd1
Qb8 35. Nd4 h5 36. Nxe6 Rxe6 37. Bc4 Re8 38. Ra2 Rae5 39. Bd4 Qb4 40. Bd5 h4
41. Bxe5 Rxe5 42. f4 Re8 43. g4 Be7 44. Kh2 Bd6 45. e5 Bc5 46. Qd2 Qxf4+ 47.
Qxf4 Nxf4 48. Ra4 Ng6 49. Rc4 Bf2 50. Rf1 Bg3+ 51. Kh3 Nxe5 52. Re4 Rf8 53.
Rxe5 Bxe5 54. Kxh4 Kg7 55. Kg5 f6+ 56. Kf5 Rb8 57. Ke6 Rd8 58. Rd1 Rb8 59. Be4
Rb4 60. Rd7+ Kg8 61. Bh7+ Kh8 62. Bf5 Rb8 63. Rf7 Rd8 64. Rd7 Ra8 65. Rf7 Ra6
66. Kd7 Kg8 67. Re7 Bd6 68. Re6 Bg3 69. Rxf6 Kg7 70. Rg6+ Kf7 71. Rh6 Ra5 72.
Rh7+ Kf6 73. Kc8 Ke5 74. Rxc7 Kd6 75. Rd7+ Kxc6 76. Kd8 Bd6 77. Ke8 Re5+ 78.
Kf7 Re1 79. Ra7 Bc5 80. Ra6+ Kc7 1/2-1/2

[Event "I Festival A"]
[Site "Arconate ITA"]
[Date "1999.03.11"]
[Round "1"]
[White "Ottolini, Graziano"]
[Black "Sala, Gianni"]
[Result "1/2-1/2"]
[WhiteElo "1815"]
[BlackElo "2047"]
[PlyCount "43"]
[EventDate "1999.03.11"]

1. Nf3 Nf6 2. g3 b6 3. Bg2 Bb7 4. O-O e6 5. c4 Be7 6. b3 O-O 7. Bb2 d6 8. d3 c5
9. Nbd2 e5 10. Qc2 Nc6 11. a3 Nd7 12. e4 Nf6 13. Rfb1 a5 14. Nf1 Bc8 15. Ne3
Bd7 16. h3 Qc8 17. Kh2 Re8 18. Qd2 Bf8 19. Nc2 a4 20. b4 Nd8 21. Bc1 Ne6 22.
Qd1 1/2-1/2

[Event "I Festival A"]
[Site "Arconate ITA"]
[Date "1999.03.11"]
[Round "1"]
[White "Sbarra, Marco"]
[Black "Rigo, Gianfrancesco"]
[Result "1-0"]
[WhiteElo "2269"]
[BlackElo "2022"]
[PlyCount "85"]
[EventDate "1999.03.11"]

1. d4 g6 2. c4 Bg7 3. Nc3 Nf6 4. e4 d6 5. Nf3 O-O 6. Be2 Na6 7. Bg5 c5 8. d5 h6
9. Bf4 Nc7 10. h3 Re8 11. O-O Bd7 12. e5 dxe5 13. Nxe5 Rf8 14. Bf3 Nce8 15. Nd3
Rc8 16. Na4 b6 17. Rc1 Nd6 18. Re1 Nfe8 19. g4 e6 20. Ne5 Bxa4 21. Qxa4 Qf6 22.
Bg3 Rc7 23. Kg2 Kh7 24. Nd7 Qxb2 25. Rb1 Qd4 26. Rbd1 b5 27. Nxf8+ Bxf8 28.
Rxd4 bxa4 29. Rdd1 Re7 30. dxe6 Rxe6 31. Rxe6 fxe6 32. Bc6 Kg8 33. Bxa4 Kf7 34.
Bxe8+ Nxe8 35. Rd7+ Kf6 36. Rxa7 Nd6 37. Bxd6 Bxd6 38. Rd7 Be5 39. a4 Bc3 40.
Kf3 Ke5 41. Ke3 Bd4+ 42. Kd3 Bxf2 43. a5 1-0

[Event "I Festival A"]
[Site "Arconate ITA"]
[Date "1999.03.12"]
[Round "2"]
[White "Barlocco, Carlo"]
[Black "Sbarra, Marco"]
[Result "0-1"]
[WhiteElo "2245"]
[BlackElo "2269"]
[PlyCount "60"]
[EventDate "1999.03.11"]

1. c4 e6 2. Nc3 d5 3. d4 c5 4. cxd5 cxd4 5. Qxd4 Nc6 6. Qd1 exd5 7. Qxd5 Bd7 8.
Bg5 Nf6 9. Qd2 Qa5 10. Bxf6 gxf6 11. e4 O-O-O 12. Bc4 f5 13. Nge2 fxe4 14.
O-O-O Ne5 15. Qd4 Nd3+ 16. Bxd3 Bh6+ 17. f4 exf3+ 18. Nf4 fxg2 19. Rhg1 Qc7 20.
Kb1 Qxf4 21. Qxa7 Bc6 22. Qa8+ Kc7 23. Qa5+ Kb8 24. Bb5 Rxd1+ 25. Rxd1 Qc7 26.
Qa4 Be3 27. Bxc6 Qxc6 28. Qxc6 bxc6 29. Ne2 Kc7 30. Kc2 Rd8 0-1

[Event "I Festival A"]
[Site "Arconate ITA"]
[Date "1999.03.12"]
[Round "2"]
[White "Everet, Alexandro"]
[Black "Ottolini, Graziano"]
[Result "1-0"]
[WhiteElo "2253"]
[BlackElo "1815"]
[PlyCount "109"]
[EventDate "1999.03.11"]

1. d4 g6 2. c4 Nf6 3. Nc3 d5 4. cxd5 Nxd5 5. e4 Nxc3 6. bxc3 Bg7 7. h3 O-O 8.
Nf3 c5 9. Bc4 Qc7 10. Bb3 Nc6 11. O-O cxd4 12. cxd4 Rd8 13. Be3 Bd7 14. d5 Ne5
15. Nd4 Nc4 16. Rc1 b5 17. Qe2 Qe5 18. Bxc4 bxc4 19. Rxc4 Rdc8 20. Rfc1 Rxc4
21. Qxc4 Qxe4 22. Nc6 Qxc4 23. Rxc4 Bf8 24. Nxa7 Rb8 25. Nc6 Rb1+ 26. Kh2 e6
27. Ne5 exd5 28. Rc7 Be6 29. Ra7 Bd6 30. Bf4 Rb4 31. Bg3 Re4 32. Nf3 Bxg3+ 33.
Kxg3 d4 34. Ra8+ Kg7 35. a3 f5 36. Rd8 f4+ 37. Kh2 Re2 38. Nxd4 Re4 39. Nxe6+
Rxe6 40. Rd4 Ra6 41. a4 g5 42. h4 h6 43. hxg5 hxg5 44. Kh3 Kf6 45. Kg4 Kg6 46.
Rd5 Rxa4 47. Rxg5+ Kh6 48. Rf5 f3+ 49. Kxf3 Kg6 50. g4 Rb4 51. Kg3 Rc4 52. Ra5
Rb4 53. Ra6+ Kg7 54. f4 Rc4 55. g5 1-0

[Event "I Festival A"]
[Site "Arconate ITA"]
[Date "1999.03.12"]
[Round "2"]
[White "Rigo, Gianfrancesco"]
[Black "Ponti, Lorenzo"]
[Result "1-0"]
[WhiteElo "2022"]
[BlackElo "1825"]
[PlyCount "35"]
[EventDate "1999.03.11"]

1. Nf3 f5 2. g3 Nf6 3. Bg2 g6 4. O-O Bg7 5. d4 O-O 6. c4 d6 7. Nc3 Qe8 8. d5 c6
9. Nd4 e5 10. dxc6 bxc6 11. Ndb5 cxb5 12. Bxa8 bxc4 13. Qxd6 Nbd7 14. Bc6 Qd8
15. Bg5 h6 16. Bxf6 Qxf6 17. Bd5+ Kh7 18. Qxf6 1-0

[Event "I Festival A"]
[Site "Arconate ITA"]
[Date "1999.03.12"]
[Round "2"]
[White "Sala, Gianni"]
[Black "Mazzini, Antonio"]
[Result "1/2-1/2"]
[WhiteElo "2047"]
[BlackElo "1981"]
[PlyCount "109"]
[EventDate "1999.03.11"]

1. e4 c5 2. Nf3 d6 3. d4 cxd4 4. Nxd4 Nf6 5. Nc3 a6 6. Bg5 e6 7. f4 b5 8. a3
Qb6 9. Qd2 Bb7 10. Bxf6 gxf6 11. f5 Nc6 12. Nxc6 Bxc6 13. fxe6 fxe6 14. Qf4
O-O-O 15. O-O-O Be7 16. h4 Rhg8 17. Rh3 Rg7 18. Rg3 Rxg3 19. Qxg3 Bf8 20. Qf4
Qc7 21. Qxf6 Qe7 22. Qxe7 Bxe7 23. g3 Kc7 24. Bd3 Rg8 25. Ne2 e5 26. Rf1 Rg7
27. Kd2 d5 28. exd5 Bxd5 29. Nc3 Bg2 30. Re1 Rxg3 31. Bxh7 Bxh4 32. Rxe5 Bg5+
33. Ke2 Bf6 34. Re6 Bxc3 35. bxc3 Rxc3 36. Rxa6 Bc6 37. Kd2 Rh3 38. Ra7+ Kb6
39. Re7 Rxa3 40. Re6 Kc5 41. Bd3 Bd5 42. Re5 Kd4 43. Rxd5+ Kxd5 44. Bxb5 Kc5
45. Bd3 Kd4 46. Ke2 Ra7 47. Kd2 Rg7 48. Ke2 Rg2+ 49. Kf3 Rg7 50. Kf4 Rf7+ 51.
Bf5 Rf8 52. Kg5 Ke5 53. Bd3 Rg8+ 54. Kh6 Rg3 55. Kh5 1/2-1/2

[Event "I Festival A"]
[Site "Arconate ITA"]
[Date "1999.03.13"]
[Round "3"]
[White "Mazzini, Antonio"]
[Black "Barlocco, Carlo"]
[Result "1/2-1/2"]
[WhiteElo "1981"]
[BlackElo "2245"]
[PlyCount "138"]
[EventDate "1999.03.11"]

1. d4 d5 2. Nf3 Nf6 3. e3 e6 4. Bd3 Be7 5. O-O Nbd7 6. Nbd2 c5 7. c3 Qc7 8. e4
dxe4 9. Nxe4 Nxe4 10. Bxe4 Nf6 11. Bc2 O-O 12. Qe2 b6 13. Bg5 Bb7 14. dxc5 Qxc5
15. Be3 Qh5 16. Nd4 Qxe2 17. Nxe2 Nd5 18. Bd2 Rfd8 19. Rad1 Rac8 20. Nf4 Nf6
21. Be3 g5 22. Ne2 Nd5 23. Bc1 Ba6 24. Rfe1 Nb4 25. Rxd8+ Bxd8 26. Bb1 Nd3 27.
Bxd3 Bxd3 28. f3 Be7 29. Kf2 e5 30. Rd1 Rd8 31. g4 f6 32. Be3 Kf7 33. Ng3 Ke6
34. b3 Bc2 35. Rxd8 Bxd8 36. Ke2 Bb1 37. Kd2 Be7 38. a4 Kd5 39. a5 Bd8 40. axb6
axb6 41. c4+ Kc6 42. Kc3 b5 43. Ne4 Be7 44. Bf2 bxc4 45. bxc4 Kd7 46. Nd2 Bg6
47. Ne4 h5 48. Ng3 hxg4 49. fxg4 Kc6 50. Be3 Kd7 51. Bf2 Ke6 52. Bb6 Be8 53.
Kd3 Ba4 54. Nf5 Bf8 55. Ne3 Bc6 56. Ke2 Bd6 57. Nf5 Bb4 58. Bf2 Be4 59. Ne3 Bb1
60. h4 gxh4 61. Bxh4 Be7 62. Nd5 Bd8 63. Ke3 Bc2 64. Ke2 e4 65. Ke3 Bd3 66.
Nf4+ Ke5 67. Nxd3+ exd3 68. Bg3+ Ke6 69. Kxd3 f5 1/2-1/2